Statistics for Chinese History

Click here to take the quiz!

General Stats

  • This quiz has been taken 18 times
  • The average score is 9 of 15

Answer Stats

QuestionAnswer% Correct
What year did the PRC take power in all of the Chinese mainland?1949
94%
What was the last Chinese Dynasty?Qing Dynasty
88%
First chairman of the united PRC?Mao Zedong
82%
What country had control of Macau from 1557 to 1999?Portugal
82%
What is the first, arguably non-existent but nonetheless recognized, Chinese dynasty?Xia Dynasty
76%
What year was the first Sino-Japanese War?1894
71%
What year was Hong Kong released from the United Kingdom?1997
71%
Chinese Dynasty from 206 B.C. – 220 A.D.Han Dynasty
71%
Dynasty that united China in 221 BC :Qin
71%
What is the most populated city in China?Shanghai
59%
What years included the "Great leap forward," ?1958 - 1962
47%
Which of these was not an invention from China?Printing Press
41%
What year did Mandarin become an official language of China?1911
35%
Sun Yat-sen died in 1928, true or false?False
35%
Which of these was an important innovation from the Ming Dynasty?Ship building
24%

Score Distribution

Percentile by Number Answered

Percent of People with Each Score

Your Score History

You have not taken this quiz